00344nam a2200097 a 450000500170000000800410001705000230005810000170008124501180009844000300021620140414131939.0110125s19uu xx 00 eng d aTR 428.1bOn4 2004 aOnish, Liane aBeginning and Ending sounds Grades K-2 :b15 Fun & Easy reproducible games that build fundamental reading skills. aReading skills card games